Forensic Medicine and Toxicology : (Record no. 10097)

MARC details
000 -LEADER
fixed length control field 00781 a2200217 4500
010 ## - LIBRARY OF CONGRESS CONTROL NUMBER
LC control number ENG-89135
020 ## - INTERNATIONAL STANDARD BOOK NUMBER
International Standard Book Number 9788189781385
Terms of availability 300.00
035 ## - SYSTEM CONTROL NUMBER
System control number EN-72668
037 ## - SOURCE OF ACQUISITION
Source of stock number/acquisition DBAD / PUB
082 14 - DEWEY DECIMAL CLASSIFICATION NUMBER
Classification number 614.1
090 ## - LOCALLY ASSIGNED LC-TYPE CALL NUMBER (OCLC); LOCAL CALL NUMBER (OCLC)
-- 10359
-- 10359
100 1# - MAIN ENTRY--PERSONAL NAME
Personal name Karmakar, Rabindra Nath
245 1# - TITLE STATEMENT
Title Forensic Medicine and Toxicology :
Statement of responsibility, etc by Rabindra Nath Karmakar
Remainder of title oral, practical, histological examination & MCQ /
250 ## - EDITION STATEMENT
Edition statement 2nd ed
260 ## - PUBLICATION, DISTRIBUTION, ETC. (IMPRINT)
Place of publication, distribution, etc Kolkata
Name of publisher, distributor, etc Academic Publishers
Date of publication, distribution, etc 2007
270 ## - ADDRESS
Address 5A, Bhawani Dutta Lane,
City Kolkata
Postal code 700 073
300 ## - PHYSICAL DESCRIPTION
Extent xxii, 560p.
Dimensions 24cm (pbk)
Other physical details fig.
500 ## - GENERAL NOTE
General note Includes bibliographical references and index
942 ## - ADDED ENTRY ELEMENTS (KOHA)
Institution code [OBSOLETE] dpl
Koha item type English Books
Call number prefix 614.1 / KAR
Holdings
Withdrawn status Lost status Source of classification or shelving scheme Damaged status Not for loan Collection code Home library Current library Source of acquisition Cost, normal purchase price Total Checkouts Full call number Barcode Date last seen Copy number Uniform Resource Identifier Cost, replacement price Price effective from Koha item type
    Dewey Decimal Classification   Not For Loan Non-fiction D.B.Act.Division D.B.Act.Division DBAD/PUB 300.00   614.1 KAR EN-72668 15/09/2008 1 11124 300.00 15/09/2008 English Books

© Delhi Public Library
Hit Counter
free hit counter